000 00782nam a2200205Ia 4500
003 OSt
005 20250714122958.0
008 210210b2003 xxu||||| |||| 00| 0 eng d
040 _cAL
041 _aKannada
082 _aK894.8 SAMA
100 _aSAMAGRA DASA SAHITYA.
_9151187
_dಸಮಗ್ರ ದಾಸ ಸಾಹಿತ್ಯ
245 _aSamagra dasa sahitya: samputa; 3, bhaga 2, Purandaradasara kirtanegalu.
_bಸಮಗ್ರ ದಾಸ ಸಾಹಿತ್ಯ : ಸಂಪುಟ ೩, ಭಾಗ ೨, ಪುರಂದರದಾಸರ ಕೀರ್ತನೆಗಳು
260 _aBengaluru
_bKannada mattu Samskrati Nirdeshanalalya
_c2003
300 _a69,365
650 _aDasasahitya
_9151188
690 _aKannada Miscellaneous
_9151189
906 _a059367
942 _2ddc
_cBK
999 _c106355
_d106355